<?xml version="1.0" encoding="UTF-8"?>
<record
    xmlns:xsi="http://www.w3.org/2001/XMLSchema-instance"
    xsi:schemaLocation="http://www.loc.gov/MARC21/slim http://www.loc.gov/standards/marcxml/schema/MARC21slim.xsd"
    xmlns="http://www.loc.gov/MARC21/slim">

  <leader>01871nam a2200265Ia 4500</leader>
  <controlfield tag="003">OSt</controlfield>
  <controlfield tag="005">20251107153747.0</controlfield>
  <controlfield tag="008">210210b2015   xxu||||| |||| 00| 0 eng d</controlfield>
  <datafield tag="040" ind1=" " ind2=" ">
    <subfield code="c">AL</subfield>
  </datafield>
  <datafield tag="041" ind1=" " ind2=" ">
    <subfield code="a">Kannada</subfield>
  </datafield>
  <datafield tag="082" ind1=" " ind2=" ">
    <subfield code="a">920.5K VISS</subfield>
  </datafield>
  <datafield tag="100" ind1=" " ind2=" ">
    <subfield code="a">VISHWESHWARA BHATTA</subfield>
    <subfield code="d">&#xCB5;&#xCBF;&#xCB6;&#xCCD;&#xCB5;&#xCC7;&#xCB6;&#xCCD;&#xCB5;&#xCB0; &#xCAD;&#xC9F;&#xCCD;&#xC9F;</subfield>
    <subfield code="9">244777</subfield>
  </datafield>
  <datafield tag="245" ind1=" " ind2=" ">
    <subfield code="a">Sanjaya uvacha</subfield>
    <subfield code="b">&#xCB8;&#xC82;&#xC9C;&#xCAF; &#xC89;&#xCB5;&#xCBE;&#xC9A; </subfield>
  </datafield>
  <datafield tag="260" ind1=" " ind2=" ">
    <subfield code="a">Hubballi</subfield>
    <subfield code="b">Sahitya Prakashana</subfield>
    <subfield code="c">2015</subfield>
  </datafield>
  <datafield tag="300" ind1=" " ind2=" ">
    <subfield code="a">xxxxiii,221</subfield>
  </datafield>
  <datafield tag="520" ind1=" " ind2=" ">
    <subfield code="a">&#xC96;&#xCCD;&#xCAF;&#xCBE;&#xCA4; &#xCAA;&#xCA4;&#xCCD;&#xCB0;&#xC95;&#xCB0;&#xCCD;&#xCA4;, &#xCB8;&#xC82;&#xCAF;&#xCC1;&#xC95;&#xCCD;&#xCA4; &#xC95;&#xCB0;&#xCCD;&#xCA8;&#xCBE;&#xC9F;&#xC95; &#xCA6;&#xCBF;&#xCA8;&#xCAA;&#xCA4;&#xCCD;&#xCB0;&#xCBF;&#xC95;&#xCC6;&#xCAF;&#xCA8;&#xCCD;&#xCA8;&#xCC1; &#xC92;&#xC82;&#xCA6;&#xCC1; &#xCA7;&#xCC0;&#xCAE;&#xC82;&#xCA4; &#xCAA;&#xCA4;&#xCCD;&#xCB0;&#xCBF;&#xC95;&#xCC6;&#xCAF;&#xCA8;&#xCCD;&#xCA8;&#xCBE;&#xC97;&#xCBF; &#xCAE;&#xCBE;&#xCA1;&#xCBF;&#xCA6; &#xC96;&#xCCD;&#xCAF;&#xCBE;&#xCA4;&#xCBF; &#xC95;&#xCC6;. &#xCB6;&#xCBE;&#xCAE;&#xCB0;&#xCBE;&#xCB5;&#xCCD; &#xC85;&#xCB5;&#xCB0;&#xCBF;&#xC97;&#xCC6; &#xCB8;&#xCB2;&#xCCD;&#xCB2;&#xCC1;&#xCA4;&#xCCD;&#xCA4;&#xCA6;&#xCC6;. &#xCB8;&#xC82;&#xC9C;&#xCAF; &#xC8E;&#xC82;&#xCAC; &#xCB9;&#xCC6;&#xCB8;&#xCB0;&#xCBF;&#xCA8;&#xCBF;&#xC82;&#xCA6;&#xCB2;&#xCC7; &#xC85;&#xCB5;&#xCB0;&#xCC1; &#xC85;&#xC82;&#xC95;&#xCA3;&#xC97;&#xCB3;&#xCA8;&#xCCD;&#xCA8;&#xCC1; &#xCAC;&#xCB0;&#xCC6;&#xCAF;&#xCC1;&#xCA4;&#xCCD;&#xCA4;&#xCBF;&#xCA6;&#xCCD;&#xCA6;&#xCB0;&#xCC1;. &#xCB8;&#xC82;&#xCAF;&#xCC1;&#xC95;&#xCCD;&#xCA4; &#xC95;&#xCB0;&#xCCD;&#xCA8;&#xCBE;&#xC9F;&#xC95; &#xCA6;&#xCBF;&#xCA8;&#xCAA;&#xCA4;&#xCCD;&#xCB0;&#xCBF;&#xC95;&#xCC6;&#xCAF;&#xCBF;&#xC82;&#xCA6; &#xC85;&#xCB5;&#xCB0;&#xCC1; &#xCB9;&#xCCA;&#xCB0; &#xCAC;&#xC82;&#xCA6; &#xCAE;&#xCC7;&#xCB2;&#xCC6; &#xCB5;&#xCBF;&#xC9C;&#xCAF; &#xC95;&#xCB0;&#xCCD;&#xCA8;&#xCBE;&#xC9F;&#xC95; &#xCA6;&#xCBF;&#xCA8;&#xCAA;&#xCA4;&#xCCD;&#xCB0;&#xCBF;&#xC95;&#xCC6;&#xCAF;&#xCB2;&#xCCD;&#xCB2;&#xCBF; &#xC85;&#xC82;&#xC95;&#xCA3; &#xCAC;&#xCB0;&#xCC6;&#xCAF;&#xCC1;&#xCA4;&#xCCD;&#xCA4;&#xCBF;&#xCA6;&#xCCD;&#xCA6;&#xCC1;, &#xC86; &#xCAC;&#xCB0;&#xCB9;&#xC97;&#xCB3; &#xCB8;&#xC82;&#xC95;&#xCB2;&#xCA8;&#xCB5;&#xCC7; &#x2018;&#xCB8;&#xC82;&#xC9C;&#xCAF; &#xC89;&#xCB5;&#xCBE;&#xC9A;&#x2019;. &#xC92;&#xC82;&#xCA6;&#xCB0;&#xCCD;&#xCA5;&#xCA6;&#xCB2;&#xCCD;&#xCB2;&#xCBF; &#xC85;&#xCB5;&#xCB0; &#xC85;&#xCAB;&#xCC2;&#xCB0;&#xCCD;&#xCA3; &#xC86;&#xCA4;&#xCCD;&#xCAE;&#xC95;&#xCA5;&#xCC6; &#xC8E;&#xC82;&#xCA6;&#xCC7; &#xC95;&#xCB0;&#xCC6;&#xCA6;&#xCC1;, &#xC86; &#xC8E;&#xCB2;&#xCCD;&#xCB2; &#xCAC;&#xCB0;&#xCB9;&#xC97;&#xCB3;&#xCA8;&#xCCD;&#xCA8;&#xCC1; &#xCB8;&#xC82;&#xC97;&#xCCD;&#xCB0;&#xCB9;&#xCBF;&#xCB8;&#xCBF;, &#xCB8;&#xC82;&#xCAA;&#xCBE;&#xCA6;&#xCBF;&#xCB8;&#xCBF; &#xCB2;&#xCC7;&#xC96;&#xC95; &#xCB5;&#xCBF;&#xCB6;&#xCCD;&#xCB5;&#xCC7;&#xCB6;&#xCCD;&#xCB5;&#xCB0; &#xCAD;&#xC9F;&#xCCD; &#xC85;&#xCB5;&#xCB0;&#xCC1; &#xCA8;&#xCC0;&#xCA1;&#xCBF;&#xCA6;&#xCCD;&#xCA6;&#xCC7; &#xC88; &#xC95;&#xCC3;&#xCA4;&#xCBF;-&#xCB8;&#xC82;&#xC9C;&#xCAF; &#xC89;&#xCB5;&#xCBE;&#xC9A;</subfield>
  </datafield>
  <datafield tag="650" ind1=" " ind2=" ">
    <subfield code="a">uvacha</subfield>
    <subfield code="9">244778</subfield>
  </datafield>
  <datafield tag="650" ind1=" " ind2=" ">
    <subfield code="a">Shamarav</subfield>
    <subfield code="9">244779</subfield>
  </datafield>
  <datafield tag="650" ind1=" " ind2=" ">
    <subfield code="a">Shama Rao</subfield>
    <subfield code="9">244780</subfield>
  </datafield>
  <datafield tag="650" ind1=" " ind2=" ">
    <subfield code="a">Sanjaya</subfield>
    <subfield code="9">244781</subfield>
  </datafield>
  <datafield tag="650" ind1=" " ind2=" ">
    <subfield code="a">journalist</subfield>
    <subfield code="9">244782</subfield>
  </datafield>
  <datafield tag="690" ind1=" " ind2=" ">
    <subfield code="a">Biography</subfield>
    <subfield code="9">244783</subfield>
  </datafield>
  <datafield tag="906" ind1=" " ind2=" ">
    <subfield code="a">070279</subfield>
  </datafield>
  <datafield tag="942" ind1=" " ind2=" ">
    <subfield code="2">ddc</subfield>
    <subfield code="c">BK</subfield>
  </datafield>
  <datafield tag="999" ind1=" " ind2=" ">
    <subfield code="c">119827</subfield>
    <subfield code="d">119827</subfield>
  </datafield>
  <datafield tag="952" ind1=" " ind2=" ">
    <subfield code="0">0</subfield>
    <subfield code="1">0</subfield>
    <subfield code="2">ddc</subfield>
    <subfield code="4">0</subfield>
    <subfield code="7">0</subfield>
    <subfield code="8">KAN</subfield>
    <subfield code="a">AL</subfield>
    <subfield code="b">AL</subfield>
    <subfield code="c">Biography</subfield>
    <subfield code="d">2021-02-17</subfield>
    <subfield code="e">Navakarnataka Publication Pvt Ltd Mangalore</subfield>
    <subfield code="g">250.00</subfield>
    <subfield code="l">0</subfield>
    <subfield code="o">920.5K VISS</subfield>
    <subfield code="p">070279</subfield>
    <subfield code="r">2021-02-17 00:00:00</subfield>
    <subfield code="w">2021-02-17</subfield>
    <subfield code="y">BK</subfield>
  </datafield>
</record>
